All Countries With 7 Letters - Statistics

General Stats
  • This quiz has been taken 130 times
    76 since last reset
  • The average score is 29 of 42
Answer Stats
Answer % Correct
Algeria
92%
Finland
86%
Albania
83%
Ireland
83%
Germany
81%
Vietnam
81%
Armenia
79%
Denmark
79%
Iceland
79%
Hungary
78%
(The) Bahamas
78%
Andorra
76%
Austria
76%
Morocco
76%
Namibia
76%
Vanuatu
73%
Belgium
71%
Bolivia
71%
Nigeria
71%
Uruguay
71%
Ecuador
70%
Jamaica
70%
Liberia
70%
Somalia
70%
Croatia
68%
Georgia
68%
Bahrain
67%
Lesotho
67%
Eritrea
65%
Lebanon
65%
Myanmar
65%
Ukraine
65%
Estonia
63%
Tunisia
63%
Romania
62%
Senegal
62%
Belarus
60%
Burundi
59%
Comoros
59%
Grenada
56%
Moldova
52%
Czechia
35%
No matching quizzes found
Score Distribution
Percent of People with Each Score
Percentile by Number Answered
Your Score History
You have not taken this quiz since the last reset